G.I. victory : the U.S. Army in World War II color /

Bibliographic Details
Main Author: Ethell, Jeffrey L.
Other Authors: Isby, David C.
Format: Book
Language:English
Published: London : Mechanicsburg, Pa. : Greenhill Books ; Stackpole Books, 1995.
Subjects:

MARC

Tag First Indicator Second Indicator Subfields
LEADER 00000cam a22000008a 4500
001 in00001234907
005 20151003060910.0
008 941228s1995 enk 000 0 eng
010 |a  94049429  
015 |a GB95-30390 
020 |a 1853672009 (HC) :  |c £24.50 ($39.95 U.S.) 
035 |a (OCoLC)31865198 
035 |9 AGS2865AM 
040 |a DLC  |c DLC  |d UKM  |d UtOrBLW 
043 |a n-us--- 
049 |a TXAM 
050 0 0 |a D679  |b .E84 1995 
082 0 0 |a 940.54/0973/0222  |2 20 
100 1 |a Ethell, Jeffrey L. 
245 1 0 |a G.I. victory :  |b the U.S. Army in World War II color /  |c by Jeffrey L. Ethell and David C. Isby. 
263 |a 9503 
264 1 |a London :  |b Greenhill Books ;  |a Mechanicsburg, Pa. :  |b Stackpole Books,  |c 1995. 
300 |a 160 pages :  |b color illustrations, color portraits ;  |c 28 cm. 
336 |a text  |b txt  |2 rdacontent 
337 |a unmediated  |b n  |2 rdamedia 
338 |a volume  |b nc  |2 rdacarrier 
610 1 0 |a United States.  |b Army  |x History  |y World War, 1939-1945  |x Pictorial works. 
610 1 0 |a United States.  |b Marine Corps  |x History  |y World War, 1939-1945  |x Pictorial works. 
650 0 |a World War, 1939-1945  |x Campaigns  |x Pictorial works. 
610 1 4 |a United States.  |b Army  |x History  |y World War, 1939-1945  |x Pictorial works. 
700 1 |a Isby, David C. 
999 |a MARS 
999 f f |s c7ddd4ff-b421-32ae-bde8-94f47ca5fd3c  |i 79da4aaf-3e20-34b5-9fc0-f91ed8fb42a2  |t 0 
952 f f |p ric  |a Texas A&M University  |b Rellis Campus  |c Joint Library Facility  |d Remote Storage  |t 0  |e D679 .E84 1995  |h Library of Congress classification  |i unmediated -- volume  |m A14819312966 
998 f f |a D679 .E84 1995  |t 0  |l Remote Storage